000
00295nam a2200121Ia 4500
008
190216s9999||||xx |||||||||||||| ||und||
100
_a
Dr.Mahendra Kumar Mishra
245
0
_a
Hindi-Vigyan Ke Rochak Tathya
260
_b
Shiva Book House
_c
2009
300
_a
152
650
_a
Hindi
942
_c
BK
999
_c
16634
_d
16634